| 000 | 00531nam a2200181 i 4500 | ||
|---|---|---|---|
| 001 | 95293 | ||
| 003 | ES-MaACL | ||
| 005 | 20230906181656.0 | ||
| 007 | t| | ||
| 008 | 050525s1982 sp ||||1| spa d | ||
| 100 | 1 |
_aLyon, Hugh. _974948 |
|
| 245 | 1 | 0 |
_aGuía ilustrada de los buques de guerra modernos / _cHugh Lyon; [traductor: Juan Génova]. |
| 260 |
_aMadrid : _bSan Martín, _c1982. |
||
| 300 |
_a159 p. : _bil. ; _c22 cm. |
||
| 700 | 1 |
_aGenova, Juan. _9208366 |
|
| 852 |
_aES-MaACL _jL-2005 _bR.103084 |
||
| 999 |
_c95293 _d95293 |
||